000 00327nam a2200145Ia 4500
100 _aHall/Patrick/ Scriven/John
650 _aEnglish
942 _cBK
654 _aprogramming
245 _aProgramming for educations
260 _bSunshine Books
_aLondon
_c38
082 _a1.642
_bSCR
300 _a144
546 _aENGLISH
999 _c25988
_d25988